000 02553cam a22002294a 4500
005 20250605163949.0
008 250528s ||||||||||||||||||||||||d
035 _a15305
020 _a71003312
040 _aGR-AtMCL
_bgre
_dGR-AtMCL
_eAACR2
245 1 _aManagerial Accounting / International Edition
260 _bMcgraw Hill Book Company,
_c1988
300 _a728
505 0 _aPreface, Management Accounting and Key Underlying Concepts, Management Accounting: An Introduction, An Introduction to Cost Accounting Systems, Analysis of Cost Behavior: Variable and Fixed and Mixed, Cost-Volume-Profit Analysis and Short-Run Decisions, The Contribution Margin Approach to Cost-Volume-Profit Analysis, Relevant Information for Special Decisions, Applying the Concepts of Relevance to Long-Run Decisions, Capital Budgeting: An Introduction to the Discounted and Nondiscounted Cash-Flow Methods, Capital Budgeting: Tax Considerations, The Planning and Control of Operations in the Short Run, The Master Budget, The Flexible Budget and Standard Costs and Variance Analysis, Responsibility Centers and Service Department Cost Allocations and Transfer Pricing and Return on Investment, The Extremes of Product Costing: Job Order Costing and Process Costing, Product Costing Methods: Job Order Costing, Product Costing Methods: Process Costing, Using Financial Statements, Index.
520 _aPreface, Management Accounting and Key Underlying Concepts, Management Accounting: An Introduction, An Introduction to Cost Accounting Systems, Analysis of Cost Behavior: Variable and Fixed and Mixed, Cost-Volume-Profit Analysis and Short-Run Decisions, The Contribution Margin Approach to Cost-Volume-Profit Analysis, Relevant Information for Special Decisions, Applying the Concepts of Relevance to Long-Run Decisions, Capital Budgeting: An Introduction to the Discounted and Nondiscounted Cash-Flow Methods, Capital Budgeting: Tax Considerations, The Planning and Control of Operations in the Short Run, The Master Budget, The Flexible Budget and Standard Costs and Variance Analysis, Responsibility Centers and Service Department Cost Allocations and Transfer Pricing and Return on Investment, The Extremes of Product Costing: Job Order Costing and Process Costing, Product Costing Methods: Job Order Costing, Product Costing Methods: Process Costing, Using Financial Statements, Index.
700 1 _aKeith Robert M
_91199
700 1 _aSmith Jack L
_91200
700 1 _aStephens William L
_91201
942 _cBK
999 _c895
_d895